000
00223 a2200097 4500
001
33576
100
_a
Leach,Robert
245
_a
Understanding Finance
260
_a
London
_b
Mercury Business Book
_c
090
_c
22348
_d
22348
942
_a
NUST-CAE
_c
M
_c
13723
999
_c
268649
_d
268649